000 00896nam a2200277 a 4500
001 000024490
003 DO-SdBNP
005 20240508073815.0
007 ta
008 110128s2010 dr 000 0 spa d
020 _a9789945074024
040 _aDO-SdBNP
_bspa
_cBNPHU
082 4 _aRD864.44
_bG463e, 2010
_222
100 1 _aGil Arantegui, Malaquías,
_d1912-1988
_976489
245 1 0 _aEscritos pedagógicos /
_cMalaquías Gil Arantegui.
250 _a2a. ed.
260 _aSanto Domingo :
_bBúho,
_c2010.
300 _a257 p. ;
_c23 cm.
490 0 _aArchivo General de la Nación
_a109
500 _aIncluye índice onomástico
500 _aIncluye datos biográficos del autor en las solapas
504 _aIncluye referencias bibliográficas y notas al pie de las páginas
590 _aInventariado, 2023/MFF
910 _aValidado. Control de calidad MFF
942 _2ddc
_cLBS1
999 _c23983
_d23983